[Event "ENG-ch Chessable (Women)"]
[Site "Kenilworth"]
[Date "2023.05.29"]
[Round "7"]
[White "Walker, Kate"]
[Black "Sengenberger, Sara"]
[Result "0-1"]
[WhiteElo "1541"]
[BlackElo "1415"]
[PlyCount "74"]
[EventDate "2023.05.26"]
[EventType "swiss"]
[EventRounds "7"]
[EventCountry "ENG"]
[SourceTitle "CBM 214 Extra"]
[Source "ChessBase"]
[SourceDate "2023.07.31"]
[SourceVersion "1"]
[SourceVersionDate "2023.07.31"]
[SourceQuality "1"]

1. d4 e6 2. c4 f5 3. Nc3 Nf6 4. g3 d5 5. cxd5 exd5 6. Bg2 c6 7. Nf3 Bd6 8. Qb3 Nbd7 9. Nd2 Ne4 10. e3 Ndf6 11. Ndxe4 fxe4 12. Bd2 Qe7 13. 0-0-0 0-0 14. h3 Be6 15. Ne2 c5 16. dxc5 Bxc5 17. Nf4 Bf7 18. Qa4 b5 19. Qa6 Rfd8 20. Bc3 Rd6 21. Qxb5 Rb6 22. Qe2 Rc8 23. Kb1 Ba3 24. Rc1 Rxc3 25. Rxc3 Rxb2+ 26. Qxb2 Bxb2 27. Kxb2 g5 28. Ne2 Qb4+ 29. Kc2 Qa4+ 30. Kb2 d4 31. Nxd4 Qxa2+ 32. Kc1 Nd5 33. Rc2 Qa3+ 34. Kd2 Qb4+ 35. Ke2 Nc3+ 36. Kf1 Qb1+ 37. Rc1 Qxc1# 0-1

[Event "ENG-ch Chessable (Women)"]
[Site "Kenilworth"]
[Date "2023.05.27"]
[Round "3"]
[White "Dicen, Elis Denele"]
[Black "Walker, Kate"]
[Result "1-0"]
[WhiteElo "1925"]
[BlackElo "1541"]
[PlyCount "125"]
[EventDate "2023.05.26"]
[EventType "swiss"]
[EventRounds "7"]
[EventCountry "ENG"]
[SourceTitle "CBM 214 Extra"]
[Source "ChessBase"]
[SourceDate "2023.07.31"]
[SourceVersion "1"]
[SourceVersionDate "2023.07.31"]
[SourceQuality "1"]

1. d4 d5 2. c4 e6 3. Nc3 Nf6 4. cxd5 exd5 5. Bg5 Be7 6. e3 0-0 7. Bd3 Nbd7 8. Nge2 Re8 9. Qc2 c6 10. 0-0 Nf8 11. f3 Ng6 12. Rae1 Nh5 13. Bxe7 Qxe7 14. e4 Qg5 15. Kh1 Nhf4 16. Nxf4 Nxf4 17. e5 Nxd3 18. Qxd3 Bf5 19. Qe2 Re6 20. f4 Qg6 21. Qe3 h5 22. Qf2 Rae8 23. Re3 Qh6 24. Qh4 Rg6 25. h3 f6 26. Rfe1 fxe5 27. Rxe5 Rf8 28. Re7 Bd3 29. R7e3 Ba6 30. g3 Rgf6 31. Na4 b6 32. Nc3 Qg6 33. Re7 R8f7 34. Re8+ Kh7 35. R8e5 Rf5 36. g4 Rxe5 37. Rxe5 Rxf4 38. Rxh5+ Kg8 39. Qd8+ Rf8 40. Rh8+ Kxh8 41. Qxf8+ Kh7 42. Qf2 Qe6 43. Kg2 Bb7 44. Kg3 Kg6 45. Ne2 Qd6+ 46. Nf4+ Kh7 47. Qc2+ Kg8 48. h4 c5 49. Qd3 cxd4 50. Qxd4 Qc5 51. Qxc5 bxc5 52. Ne6 c4 53. Kf4 Bc8 54. Nd4 Kf7 55. h5 a5 56. g5 Bh3 57. a3 Bf1 58. Ke5 Bg2 59. g6+ Kf8 60. Nf5 Bf3 61. h6 gxh6 62. Kf6 d4 63. g7+ 1-0